Youtubeurs francophone en images - F - Statistiques

Statistiques générales
  • Ce quiz a été pris 311 fois
  • Le résultat moyen est 6 sur 16
Statistiques - réponses
Par images Réponse % Correct
FastGoodCuisine
86%
FabienOlicard
79%
Feldup
66%
Farod
55%
Flamby
55%
Fuze III
53%
Frigiel
50%
Fred Van Long
35%
Furious Jumper
33%
Fukano
30%
FarsAttack
28%
Fildrong
23%
Fouloscopie
14%
FOUFA
7%
Frank Cotty
5%
Freshby
1%
Aucun quiz correspondant
Distribution des résultats
% des personnes avec chaque résultat
Percentile par nombre de réponses
Votre historique - résultats
Vous n’avez pas pris ce quiz